[Event "BL 9192 Porz-Bielefeld"]
[Site "?"]
[Date "1992.??.??"]
[Round "?.4"]
[White "Vaganian, R."]
[Black "Kassebaum, R."]
[Result "1-0"]
[WhiteElo "2590"]
[BlackElo "2410"]
[PlyCount "45"]
[EventDate "1992.??.??"]

1. Nf3 Nf6 2. c4 g6 3. g3 Bg7 4. Bg2 O-O 5. O-O c5 6. d4 cxd4 7. Nxd4 Nc6 8.
Nc3 Ng4 9. e3 Nxd4 10. exd4 Nh6 11. Qd3 Nf5 12. Ne2 d6 13. Rd1 Rb8 14. a4 b6
15. b4 Bb7 16. Bxb7 Rxb7 17. g4 Nh6 18. Qh3 Qc8 19. Bxh6 Bxh6 20. Qxh6 Qxg4+
21. Ng3 f5 22. h3 Qf3 23. Re1 1-0

[Event "BL 9192 Porz-Bielefeld"]
[Site "?"]
[Date "1992.??.??"]
[Round "?.5"]
[White "Geveke, M."]
[Black "Hickl, J."]
[Result "1/2-1/2"]
[WhiteElo "2330"]
[BlackElo "2515"]
[PlyCount "106"]
[EventDate "1992.??.??"]

1. Nf3 d6 2. d4 Nf6 3. g3 Nbd7 4. Bg2 e5 5. c4 c6 6. O-O Be7 7. Nc3 O-O 8. Qc2
Re8 9. e4 Qc7 10. h3 a6 11. a4 exd4 12. Nxd4 a5 13. Bf4 Nc5 14. Rad1 Qb6 15.
Rfe1 Bf8 16. Kh2 Be6 17. b3 Rad8 18. Bg5 Be7 19. Be3 Bc8 20. f4 g6 21. Bf2 Nfd7
22. Rb1 Qc7 23. Nf3 Na6 24. Qd2 Ndc5 25. Nd4 Nb4 26. Re3 Bf6 27. Nc2 Nba6 28.
Ne2 Bg7 29. Ned4 h5 30. Be1 Nb4 31. Nxb4 axb4 32. Bf2 h4 33. Re2 hxg3+ 34. Bxg3
Bh6 35. Re3 Qb6 36. Rd1 Rd7 37. Rf1 Rde7 38. Nc2 Ne6 39. Re2 Qc5 40. Bf3 Kh7
41. Bg4 Bd7 42. e5 d5 43. cxd5 cxd5 44. Nxb4 d4 45. Rc1 Qa5 46. Nd3 Qd5 47. Qb4
Bc6 48. Rf1 Ng7 49. Bf3 Qe6 50. Nc5 Bxf3 51. Rxf3 Qd5 52. Ne4 Nh5 53. Rd3 Rd7
1/2-1/2

[Event "BL 9192 Porz-Bielefeld"]
[Site "?"]
[Date "1992.??.??"]
[Round "?.6"]
[White "Knaak, R."]
[Black "Pohl Kuemmel, J."]
[Result "0-1"]
[WhiteElo "2505"]
[BlackElo "2245"]
[PlyCount "54"]
[EventDate "1992.??.??"]

1. d4 d6 2. e4 Nf6 3. Nc3 g6 4. Nf3 Bg7 5. h3 O-O 6. Be3 Nbd7 7. Qd2 c6 8.
O-O-O b5 9. e5 b4 10. exf6 bxc3 11. Qxc3 Nxf6 12. Qxc6 Rb8 13. Qa4 Bd7 14. Qa3
a5 15. c4 Qc7 16. Kb1 Rb7 17. Rc1 Rfb8 18. Rc2 e5 19. g4 h5 20. c5 hxg4 21.
cxd6 Qxc2+ 22. Kxc2 gxf3 23. Bc4 Bf5+ 24. Kc1 Rc8 25. Qc5 exd4 26. Qxd4 Ne4 27.
Qd5 Bxb2+ 0-1

[Event "BL 9192 Porz-Bielefeld"]
[Site "?"]
[Date "1992.??.??"]
[Round "?.7"]
[White "Meier, V."]
[Black "Vogt, L."]
[Result "0-1"]
[WhiteElo "2295"]
[BlackElo "2515"]
[PlyCount "110"]
[EventDate "1992.??.??"]

1. e4 c5 2. Nf3 e6 3. d4 cxd4 4. Nxd4 Nf6 5. Nc3 d6 6. g3 Nc6 7. Bg2 Bd7 8. O-O
Be7 9. Nde2 a6 10. a4 O-O 11. h3 Rb8 12. Be3 b5 13. axb5 axb5 14. f4 b4 15. Na4
Qc7 16. b3 Rfc8 17. Nb2 Na5 18. Nd3 Bc6 19. e5 Bxg2 20. Kxg2 dxe5 21. Nxe5 Nd5
22. Bd4 Nc6 23. Rf3 Bf6 24. Nc4 Nxd4 25. Nxd4 Rd8 26. Rd3 Nb6 27. Na5 Rxd4 28.
Rxd4 Qc3 29. Rd6 Qxa1 30. Qxa1 Bxa1 31. Nc6 Re8 32. Nxb4 Nc8 33. Rd7 Bc3 34.
Nc6 Nb6 35. Rb7 Nd5 36. Kf3 g6 37. b4 Ra8 38. Ke2 Bf6 39. b5 Ra2 40. Kd3 Ra3+
41. Kd2 Rxg3 42. c4 Rg2+ 43. Kd3 Rg3+ 44. Kd2 Nxf4 45. b6 Rd3+ 46. Kc2 Rc3+ 47.
Kd2 Rd3+ 48. Kc2 Rc3+ 49. Kd2 Rb3 50. Rb8+ Kg7 51. b7 Rb2+ 52. Ke3 Nxh3 53. c5
Bg5+ 54. Kd4 Bf4 55. Ne5 Rb4+ 0-1

[Event "BL 9192 Porz-Bielefeld"]
[Site "?"]
[Date "1992.??.??"]
[Round "?.8"]
[White "Schoen, W."]
[Black "Beilfuss, W."]
[Result "1/2-1/2"]
[WhiteElo "2370"]
[BlackElo "2220"]
[PlyCount "89"]
[EventDate "1992.??.??"]

1. d4 Nf6 2. c4 e6 3. Nc3 Bb4 4. Qc2 c5 5. dxc5 Qc7 6. a3 Bxc5 7. b4 Be7 8. Nb5
Qc6 9. Nf3 d6 10. Nfd4 Qd7 11. e4 a6 12. Nc3 Qc7 13. Be2 O-O 14. O-O Nbd7 15.
f4 b6 16. Be3 Re8 17. Rac1 Bf8 18. Nb3 Bb7 19. Qd3 Rac8 20. Nd2 Red8 21. Bf3
Qb8 22. Qe2 Ba8 23. g4 h6 24. h4 g6 25. g5 hxg5 26. hxg5 Nh7 27. f5 Ne5 28. Bg2
Re8 29. f6 d5 30. cxd5 exd5 31. Nxd5 Bxd5 32. exd5 a5 33. Ne4 axb4 34. axb4
Rxc1 35. Rxc1 b5 36. Bc5 Nc4 37. Bxf8 Nxf8 38. Rxc4 bxc4 39. Qxc4 Rc8 40. Nc5
Qg3 41. Qd4 Re8 42. Ne4 Qe1+ 43. Kh2 Qh4+ 44. Kg1 Qe1+ 45. Kh2 1/2-1/2

[Event "BL 9192 Empor Berlin-Erfurt"]
[Site "?"]
[Date "1992.??.??"]
[Round "?.2"]
[White "Dautov, R."]
[Black "Casper, T."]
[Result "1-0"]
[WhiteElo "2610"]
[BlackElo "2430"]
[PlyCount "69"]
[EventDate "1992.??.??"]

1. d4 Nf6 2. c4 d6 3. Nf3 Nbd7 4. g3 e5 5. Bg2 g6 6. O-O Bg7 7. Nc3 O-O 8. e4
c6 9. b3 a6 10. dxe5 dxe5 11. Ba3 Re8 12. Qd2 b5 13. Rfe1 bxc4 14. bxc4 Qa5 15.
Bd6 Bf8 16. c5 Rd8 17. Bxf8 Rxf8 18. Rac1 Kg7 19. Qd6 Qxc5 20. Qxc5 Nxc5 21.
Nxe5 Ng4 22. Nxg4 Bxg4 23. f3 Be6 24. Red1 Rfd8 25. Bf1 a5 26. Kf2 a4 27. Ke3
Rab8 28. Rxd8 Rxd8 29. Rb1 Nd7 30. Rb4 Ra8 31. f4 Ra7 32. Be2 Kf8 33. e5 a3 34.
Bf3 Ra6 35. Rb7 1-0

[Event "BL 9192 Empor Berlin-Erfurt"]
[Site "?"]
[Date "1992.??.??"]
[Round "?.3"]
[White "Kuczynski, R."]
[Black "Muse, M."]
[Result "0-1"]
[WhiteElo "2500"]
[BlackElo "2445"]
[PlyCount "96"]
[EventDate "1992.??.??"]

1. e4 c5 2. Nf3 Nc6 3. Bb5 e6 4. O-O Nge7 5. Nc3 a6 6. Bxc6 Nxc6 7. d4 cxd4 8.
Nxd4 Qc7 9. Re1 d6 10. Nxc6 bxc6 11. Na4 Be7 12. c4 c5 13. Nc3 Bf6 14. Bf4 Bd4
15. Rc1 O-O 16. Be3 Qa7 17. Qd2 Bb7 18. f3 Bc6 19. Ne2 e5 20. Nxd4 cxd4 21. Bf2
a5 22. c5 dxc5 23. Qc2 Rfc8 24. Qxc5 Qb8 25. Bg3 f6 26. Qc4+ Kh8 27. Qe6 Qb7
28. Qd6 Qd7 29. Qxd7 Bxd7 30. Red1 Be6 31. f4 Bg4 32. Rxc8+ Rxc8 33. Rd2 Rc5
34. fxe5 fxe5 35. Bh4 a4 36. Be7 Rc6 37. b4 axb3 38. axb3 Kg8 39. b4 Rc1+ 40.
Kf2 Kf7 41. Bc5 Bd7 42. Ra2 Bb5 43. Ra7+ Kf6 44. Rb7 Bd3 45. Be7+ Ke6 46. Bg5
Rc2+ 47. Kf3 h6 48. Bh4 Be2+ 0-1

[Event "BL 9192 Empor Berlin-Erfurt"]
[Site "?"]
[Date "1992.??.??"]
[Round "?.4"]
[White "Volke, K."]
[Black "Paehtz, T."]
[Result "1/2-1/2"]
[WhiteElo "2440"]
[BlackElo "2495"]
[PlyCount "83"]
[EventDate "1992.??.??"]

1. d4 Nf6 2. c4 g6 3. Nc3 Bg7 4. e4 d6 5. h3 O-O 6. Be3 a6 7. Qd2 c6 8. Nf3 b5
9. Bd3 Nbd7 10. O-O e5 11. d5 cxd5 12. cxd5 Nc5 13. b4 Nxd3 14. Qxd3 Bd7 15.
Rfc1 Nh5 16. a4 bxa4 17. Nxa4 Nf4 18. Qd2 f5 19. exf5 Bxf5 20. Bxf4 exf4 21.
Ra3 Rc8 22. Rc6 Qe8 23. Nb6 Rxc6 24. dxc6 Qxc6 25. Qd5+ Qxd5 26. Nxd5 Be6 27.
Nb6 d5 28. Ng5 Re8 29. Nxe6 Rxe6 30. Nxd5 Re1+ 31. Kh2 Be5 32. Ne7+ Kf7 33. Nc6
Bd6 34. Rd3 Ke6 35. Nd8+ Ke7 36. Nc6+ Ke6 37. Nd8+ Ke7 38. Nc6+ Kd7 39. Nb8+
Ke6 40. Nxa6 Rb1 41. Nc5+ Ke7 42. Rb3 1/2-1/2

[Event "BL 9192 Empor Berlin-Erfurt"]
[Site "?"]
[Date "1992.??.??"]
[Round "?.5"]
[White "Budnikov, A."]
[Black "Poldauf, D."]
[Result "1/2-1/2"]
[WhiteElo "2520"]
[BlackElo "2360"]
[PlyCount "92"]
[EventDate "1992.??.??"]

1. d4 Nf6 2. c4 g6 3. Nc3 Bg7 4. e4 d6 5. Be2 O-O 6. Bg5 Na6 7. f3 e5 8. d5 c6
9. Qd2 cxd5 10. cxd5 Bd7 11. h4 Qa5 12. g4 h5 13. Bxf6 Bxf6 14. gxh5 Kg7 15.
hxg6 fxg6 16. h5 Rh8 17. h6+ Kh7 18. Nh3 Bxh3 19. Rxh3 Rac8 20. Rd1 Nc5 21. Nb5
Qb6 22. Kf1 Rhf8 23. Kg2 Rf7 24. b3 a6 25. Na3 Qd8 26. Rg3 Nd7 27. Nc4 Be7 28.
Rg1 Nf8 29. Bf1 b5 30. Na5 Bh4 31. Rg4 g5 32. Nc6 Qf6 33. f4 exf4 34. e5 f3+
35. Kh2 Qxh6 36. Bh3 f2 37. Rf1 dxe5 38. Qd3+ Kh8 39. Re4 Re8 40. d6 Nd7 41.
Bxd7 Rxd7 42. Nxe5 Rxe5 43. Rxe5 Qxd6 44. Qxd6 Rxd6 45. Re7 Kg8 46. Kg2 Kf8
1/2-1/2

[Event "BL 9192 Empor Berlin-Erfurt"]
[Site "?"]
[Date "1992.??.??"]
[Round "?.7"]
[White "Schwarz, M."]
[Black "Rosenthal, D."]
[Result "1/2-1/2"]
[WhiteElo "2380"]
[BlackElo "2350"]
[PlyCount "33"]
[EventDate "1992.??.??"]

1. g3 Nf6 2. Bg2 g6 3. f4 c5 4. Nf3 Bg7 5. d3 d5 6. O-O Nc6 7. c3 O-O 8. Qe1
Re8 9. Qf2 Qd6 10. h3 Bd7 11. Na3 a6 12. c4 d4 13. g4 Rf8 14. Ng5 e5 15. fxe5
Nxe5 16. Bf4 Qe7 17. Qg3 1/2-1/2

[Event "BL 9192 Empor Berlin-Erfurt"]
[Site "?"]
[Date "1992.??.??"]
[Round "?.8"]
[White "Schoene, R."]
[Black "Maiwald, J."]
[Result "1-0"]
[WhiteElo "2340"]
[BlackElo "2340"]
[PlyCount "83"]
[EventDate "1992.??.??"]

1. d4 Nf6 2. c4 g6 3. g3 d6 4. Nf3 Bg7 5. Bg2 O-O 6. O-O Nbd7 7. Nc3 e5 8. h3
c6 9. e4 Qb6 10. b3 exd4 11. Na4 Qc7 12. Nxd4 Re8 13. Nc3 Nc5 14. Re1 a5 15.
Bf4 Nh5 16. Be3 Bd7 17. g4 Nf6 18. f3 h6 19. Qd2 Kh7 20. Rad1 Rad8 21. Bf2 Bc8
22. Nde2 b6 23. Qf4 Bb7 24. Qg3 Rd7 25. Rd2 Qd8 26. Red1 Bf8 27. Kh1 Qe7 28.
Nf4 Bg7 29. Bd4 Red8 30. Qf2 Re8 31. Nfe2 Ra8 32. Qg3 Rad8 33. Qf2 Ba6 34. Qg1
Rb8 35. Qh2 Rbd8 36. Nf4 Bf8 37. h4 Rb8 38. g5 Ng8 39. Bh3 Ra7 40. h5 Bc8 41.
hxg6+ fxg6 42. Bf5 1-0

[Event "BL 9192 Buna Halle-Bamberg"]
[Site "?"]
[Date "1992.??.??"]
[Round "?.1"]
[White "Unzicker, W."]
[Black "Malich, B."]
[Result "1/2-1/2"]
[WhiteElo "2450"]
[BlackElo "2435"]
[PlyCount "33"]
[EventDate "1992.??.??"]

1. e4 c5 2. Nf3 e6 3. d4 cxd4 4. Nxd4 a6 5. c4 Nf6 6. Nc3 Qc7 7. Bd3 d6 8. O-O
Nbd7 9. b3 Be7 10. Bb2 b6 11. Qe2 O-O 12. Kh1 Bb7 13. f4 Rfe8 14. Rac1 Rac8 15.
Bb1 Nf8 16. Rce1 N6d7 17. Nf3 1/2-1/2

[Event "BL 9192 Buna Halle-Bamberg"]
[Site "?"]
[Date "1992.??.??"]
[Round "?.4"]
[White "Schoeneberg, M."]
[Black "Bezold, M."]
[Result "1-0"]
[WhiteElo "2335"]
[BlackElo "2345"]
[PlyCount "97"]
[EventDate "1992.??.??"]

1. e4 c5 2. Nf3 e6 3. b3 b6 4. Bb2 Bb7 5. Nc3 Nf6 6. e5 Ng4 7. h3 Nh6 8. Nb5 a6
9. Nd6+ Bxd6 10. exd6 O-O 11. d4 cxd4 12. Qxd4 f6 13. O-O-O Nc6 14. Qf4 b5 15.
Rg1 e5 16. Qd2 Qa5 17. Qxa5 Nxa5 18. Be2 Rac8 19. g4 Nc6 20. Rd2 Nb4 21. g5
fxg5 22. Nxe5 Nxa2+ 23. Kb1 Nc3+ 24. Bxc3 Rxc3 25. Nxd7 Rd8 26. Ne5 Nf5 27. Bg4
Be4 28. f3 Rxc2 29. Rxc2 Bxc2+ 30. Kxc2 Nd4+ 31. Kb2 Rxd6 32. Rc1 g6 33. Rc8+
Kg7 34. Rc7+ Kg8 35. Rc8+ Kg7 36. Rc7+ Kg8 37. Rd7 Rxd7 38. Bxd7 b4 39. Nc6
Nxf3 40. Nxb4 h5 41. Nxa6 Ne5 42. Be6+ Kf8 43. Kc3 Ke7 44. Bd5 g4 45. Kd4 Kf6
46. hxg4 Nxg4 47. b4 Ne5 48. Nc5 Nf7 49. Ne4+ 1-0

[Event "BL 9192 Buna Halle-Bamberg"]
[Site "?"]
[Date "1992.??.??"]
[Round "?.5"]
[White "Goetz, R."]
[Black "Trapl, J."]
[Result "1-0"]
[WhiteElo "2355"]
[BlackElo "2385"]
[PlyCount "57"]
[EventDate "1992.??.??"]

1. e4 c5 2. Nf3 e6 3. d4 cxd4 4. Nxd4 Nf6 5. Nc3 d6 6. f4 Be7 7. Bb5+ Bd7 8. e5
dxe5 9. fxe5 Nd5 10. Nxd5 exd5 11. Bxd7+ Qxd7 12. O-O Nc6 13. Nf5 Bc5+ 14. Kh1
O-O-O 15. Nxg7 Nxe5 16. Bg5 Rdg8 17. Rf5 h6 18. Bf6 Rxg7 19. Rxe5 Rxg2 20. Qxd5
Rhg8 21. Qxd7+ Kxd7 22. Rxc5 b6 23. Rd1+ Ke6 24. Rc6+ Kf5 25. Bh4 Re2 26. Re1
Rxe1+ 27. Bxe1 Ke4 28. Rxh6 f5 29. Rh4+ 1-0

[Event "BL 9192 Buna Halle-Bamberg"]
[Site "?"]
[Date "1992.??.??"]
[Round "?.6"]
[White "Liebert, H."]
[Black "Stickler, A."]
[Result "1-0"]
[WhiteElo "2395"]
[BlackElo "2255"]
[PlyCount "111"]
[EventDate "1992.??.??"]

1. c4 c5 2. Nf3 Nf6 3. Nc3 d5 4. cxd5 Nxd5 5. e3 Nc6 6. Bb5 Nxc3 7. bxc3 Bd7 8.
O-O e6 9. d4 Be7 10. e4 cxd4 11. cxd4 O-O 12. Rb1 Rc8 13. Be2 Qc7 14. Be3 Nb4
15. Qd2 Qa5 16. a3 Qxa3 17. Ra1 Qc3 18. Qxc3 Rxc3 19. Bd2 Rb3 20. Rxa7 Bc6 21.
Bc4 Rb2 22. Bc3 Rc2 23. Bxb4 Bxb4 24. Bd3 Rc3 25. Ne5 Rd8 26. Rb1 Bf8 27. Nxc6
bxc6 28. Bf1 f6 29. g3 c5 30. d5 exd5 31. exd5 g6 32. h4 Rc2 33. Rbb7 h5 34.
Bd3 Rc1+ 35. Kg2 f5 36. Bb5 Rxd5 37. Be8 Rd6 38. Bf7+ Kg7 39. Bb3+ Kf6 40. Rf7+
Ke5 41. Rxf8 c4 42. Rc7 Kd4 43. Rfc8 c3 44. Bc4 f4 45. gxf4 Ke4 46. Bb5 Kxf4
47. Rxc3 Rxc3 48. Rxc3 Rb6 49. Be2 Kf5 50. Rf3+ Ke6 51. Bd3 Ke7 52. Rg3 Kf7 53.
Be4 Ra6 54. Rg5 Rb6 55. Kg3 Ra6 56. Bxg6+ 1-0

[Event "BL 9192 Buna Halle-Bamberg"]
[Site "?"]
[Date "1992.??.??"]
[Round "?.7"]
[White "Niedermaier, H."]
[Black "Dietze, W."]
[Result "1/2-1/2"]
[WhiteElo "2315"]
[BlackElo "2290"]
[PlyCount "50"]
[EventDate "1992.??.??"]

1. e4 c5 2. Nf3 e6 3. Nc3 d6 4. d4 cxd4 5. Nxd4 Nc6 6. Be3 Be7 7. Bc4 Nf6 8.
O-O a6 9. f4 Qc7 10. Bb3 O-O 11. f5 e5 12. Nf3 b5 13. Nd5 Nxd5 14. Bxd5 Rb8 15.
Ng5 Nb4 16. f6 Bxf6 17. Rxf6 Nxd5 18. exd5 gxf6 19. Nxh7 Kxh7 20. Qh5+ Kg8 21.
Rf1 Qxc2 22. Rxf6 Qb1+ 23. Kf2 Qc2+ 24. Kg1 Qb1+ 25. Kf2 Qc2+ 1/2-1/2

[Event "BL 9192 Buna Halle-Bamberg"]
[Site "?"]
[Date "1992.??.??"]
[Round "?.8"]
[White "Csulits, A."]
[Black "Huemmer, B."]
[Result "1-0"]
[WhiteElo "2325"]
[BlackElo "2275"]
[PlyCount "95"]
[EventDate "1992.??.??"]

1. d4 d6 2. Nf3 Bg4 3. g3 Bxf3 4. exf3 e6 5. Bg2 c6 6. O-O g6 7. c4 Ne7 8. Nc3
d5 9. c5 Bg7 10. g4 b6 11. b4 a5 12. Na4 Nd7 13. Rb1 b5 14. Nc3 axb4 15. Rxb4
Nxc5 16. dxc5 Bxc3 17. Rb3 Bg7 18. Qe2 O-O 19. f4 Ra4 20. Bh3 Qd7 21. Re1 Rfa8
22. a3 Re4 23. Qd1 Rxe1+ 24. Qxe1 f5 25. g5 Ra4 26. Bg2 d4 27. Rb4 Ra7 28. Qd1
Nd5 29. Rb3 Qe7 30. Qe1 Kf7 31. Rh3 Qxc5 32. Rxh7 Qd6 33. Qd2 c5 34. Bf1 Kg8
35. Rh3 c4 36. Rf3 Kf7 37. h4 Qc5 38. h5 Nc3 39. hxg6+ Kxg6 40. Rh3 Ra8 41. Be2
Ne4 42. Bh5+ Kh7 43. Bf7+ Bh6 44. Rxh6+ Kg7 45. Qd1 Rh8 46. Rxh8 Kxh8 47. Qh5+
Kg7 48. Bxe6 1-0

[Event "BL 9192 Erfurt-Buna Halle"]
[Site "?"]
[Date "1992.??.??"]
[Round "?.1"]
[White "Malich, B."]
[Black "Teske, H."]
[Result "1/2-1/2"]
[WhiteElo "2435"]
[BlackElo "2455"]
[PlyCount "29"]
[EventDate "1992.??.??"]

1. d4 Nf6 2. Nf3 b6 3. g3 Bb7 4. Bg2 e6 5. c4 Be7 6. O-O O-O 7. Nc3 Ne4 8. Nxe4
Bxe4 9. Ne1 Bxg2 10. Nxg2 d5 11. Qa4 Qe8 12. Qxe8 Rxe8 13. cxd5 exd5 14. Nf4 c6
15. Be3 1/2-1/2

[Event "BL 9192 Erfurt-Buna Halle"]
[Site "?"]
[Date "1992.??.??"]
[Round "?.2"]
[White "Casper, T."]
[Black "Lechtinsky, J."]
[Result "1-0"]
[WhiteElo "2430"]
[BlackElo "2410"]
[PlyCount "135"]
[EventDate "1992.??.??"]

1. e4 c6 2. d4 d5 3. Nc3 dxe4 4. Nxe4 Nf6 5. Nxf6+ exf6 6. Bc4 Qe7+ 7. Qe2 Be6
8. Bb3 a5 9. Bd2 a4 10. Bxe6 Qxe6 11. O-O-O Bd6 12. Re1 Qxe2 13. Nxe2 Kd7 14.
Bf4 Be7 15. Ng3 Na6 16. c3 Rhe8 17. Re2 Bf8 18. Rhe1 Re6 19. Nf5 Rae8 20. Kd1
Rxe2 21. Rxe2 Rxe2 22. Kxe2 Ke6 23. g4 h5 24. h3 hxg4 25. hxg4 g6 26. Ne3 b5
27. Kd3 c5 28. d5+ Kd7 29. b3 axb3 30. axb3 Bd6 31. Bxd6 Kxd6 32. Ke4 c4 33. b4
Nc7 34. Kd4 Na8 35. Nc2 Nc7 36. Na3 f5 37. g5 Nxd5 38. Nxb5+ Kc6 39. Na7+ Kd6
40. Nb5+ Kc6 41. Ke5 Nb6 42. Nd4+ Kd7 43. Nf3 Ke7 44. Kd4 f6 45. gxf6+ Kxf6 46.
Ne5 g5 47. Nxc4 Nd7 48. b5 g4 49. Nd2 Ke6 50. c4 f4 51. Ne4 Ne5 52. c5 Nf3+ 53.
Kc4 Ne5+ 54. Kc3 Kd5 55. c6 g3 56. Nxg3 fxg3 57. fxg3 Kd6 58. Kd4 Nf7 59. g4
Ng5 60. Kc4 Kc7 61. Kd5 Kb6 62. Kd6 Nf3 63. Kd7 Ne5+ 64. Kd8 Nf7+ 65. Ke7 Ng5
66. Kd7 Nf3 67. c7 Ne5+ 68. Ke6 1-0

[Event "BL 9192 Erfurt-Buna Halle"]
[Site "?"]
[Date "1992.??.??"]
[Round "?.3"]
[White "Hennings, A."]
[Black "Kuczynski, R."]
[Result "0-1"]
[WhiteElo "2375"]
[BlackElo "2500"]
[PlyCount "126"]
[EventDate "1992.??.??"]

1. e4 c5 2. Nc3 d6 3. Bb5+ Nc6 4. Nge2 Bd7 5. O-O g6 6. d3 Bg7 7. Bd2 a6 8.
Bxc6 Bxc6 9. Qc1 e6 10. f3 d5 11. Nd1 c4 12. exd5 cxd3 13. Nf4 Bxd5 14. Nxd3
Ne7 15. N1f2 O-O 16. Bg5 f6 17. Bd2 e5 18. Qe1 Nf5 19. b3 b5 20. Rc1 Rc8 21.
Ng4 Re8 22. Ndf2 Qd7 23. c3 Qc6 24. Ne3 Nxe3 25. Bxe3 f5 26. Nd3 Bf7 27. Nf2 a5
28. Rc2 a4 29. Qb1 axb3 30. axb3 Qe6 31. b4 Qb3 32. Qc1 e4 33. fxe4 Rxc3 34.
Rxc3 Qxc3 35. Qxc3 Bxc3 36. Bc5 fxe4 37. Ng4 Bg7 38. Be3 Re6 39. Nh6+ Bxh6 40.
Bxh6 Re5 41. Be3 Bc4 42. Rd1 h5 43. h4 Kf7 44. Bf4 Re8 45. Kf2 Ke6 46. Ke3 Kf5
47. Bc7 Rc8 48. Bb6 Bd3 49. Bc5 Ra8 50. g3 Ra3 51. Rd2 Ke5 52. Bd4+ Kd5 53. Bc5
Kc4 54. Kf4 Ra1 55. g4 Rf1+ 56. Kg5 Rf3 57. gxh5 gxh5 58. Rf2 Rxf2 59. Bxf2
Kxb4 60. Kxh5 Kc4 61. Kg5 b4 62. Be3 b3 63. Bc1 e3 0-1

[Event "BL 9192 Erfurt-Buna Halle"]
[Site "?"]
[Date "1992.??.??"]
[Round "?.4"]
[White "Paehtz, T."]
[Black "Schoeneberg, M."]
[Result "1-0"]
[WhiteElo "2495"]
[BlackElo "2335"]
[PlyCount "57"]
[EventDate "1992.??.??"]

1. d4 Nf6 2. c4 d6 3. Nc3 Nbd7 4. e4 e5 5. Nge2 c6 6. d5 cxd5 7. cxd5 a6 8. a4
Nc5 9. Ng3 a5 10. Be3 b6 11. Bb5+ Bd7 12. O-O h5 13. Bg5 h4 14. Nf5 Bxb5 15.
Nxb5 Ncxe4 16. f4 Nxg5 17. fxg5 g6 18. Qc2 gxf5 19. Nc7+ Kd7 20. Qc6+ Ke7 21.
Rxf5 Ne4 22. Nxa8 Nxg5 23. Nxb6 Bh6 24. Qb7+ Kf8 25. Rc1 Kg7 26. Rc8 Qxb6+ 27.
Qxb6 Rxc8 28. Qxd6 Rc1+ 29. Rf1 1-0

[Event "BL 9192 Erfurt-Buna Halle"]
[Site "?"]
[Date "1992.??.??"]
[Round "?.5"]
[White "Trapl, J."]
[Black "Budnikov, A."]
[Result "1/2-1/2"]
[WhiteElo "2385"]
[BlackElo "2520"]
[PlyCount "55"]
[EventDate "1992.??.??"]

1. d4 Nf6 2. Nf3 e6 3. e3 c5 4. Bd3 Nc6 5. O-O b6 6. b3 Bb7 7. Bb2 Be7 8. Nbd2
cxd4 9. exd4 Nb4 10. Be2 Nbd5 11. g3 Bb4 12. Nb1 Ne4 13. Qd3 f5 14. c4 Ndf6 15.
a3 Be7 16. Nc3 O-O 17. b4 Rc8 18. Rac1 Ba6 19. b5 Bb7 20. d5 Nxc3 21. Rxc3 exd5
22. cxd5 Rxc3 23. Qxc3 Bxd5 24. Rd1 Bxf3 25. Bxf3 Bc5 26. Qe5 Qe7 27. Qxe7 Bxe7
28. Bxf6 1/2-1/2

[Event "BL 9192 Erfurt-Buna Halle"]
[Site "?"]
[Date "1992.??.??"]
[Round "?.7"]
[White "Dietze, W."]
[Black "Schwarz, M."]
[Result "1/2-1/2"]
[WhiteElo "2290"]
[BlackElo "2380"]
[PlyCount "81"]
[EventDate "1992.??.??"]

1. d4 g6 2. Nf3 Bg7 3. c4 Nf6 4. Nc3 d5 5. e3 c5 6. Be2 O-O 7. O-O cxd4 8. exd4
dxc4 9. Bxc4 Nbd7 10. Bb3 Nb6 11. d5 Bf5 12. Re1 Rc8 13. h3 Qd6 14. Nd4 Bd7 15.
Nde2 Rfd8 16. Bf4 Qb4 17. a3 Qa5 18. Ng3 e6 19. Bg5 Bc6 20. Bd2 Be8 21. dxe6
Nc4 22. Bxc4 Rxc4 23. Qb3 Qa6 24. Bg5 h6 25. Be3 Rc6 26. Nge4 Nxe4 27. Nxe4
Rxe6 28. Nc5 Qb6 29. Qc2 Rc6 30. Rad1 Rdc8 31. b4 a5 32. Qd2 axb4 33. axb4 Qb5
34. Bxh6 Bxh6 35. Qxh6 Qxb4 36. Ne4 Re6 37. Qh4 Kg7 38. Rb1 Qd4 39. Rbd1 Qb4
40. Rb1 Qd4 41. Rbd1 1/2-1/2

[Event "BL 9192 Erfurt-Buna Halle"]
[Site "?"]
[Date "1992.??.??"]
[Round "?.8"]
[White "Brueggemann, Joa"]
[Black "Becker, Mi"]
[Result "1/2-1/2"]
[WhiteElo "2305"]
[BlackElo "2310"]
[PlyCount "55"]
[EventDate "1992.??.??"]

1. e4 c5 2. Nf3 d6 3. d4 cxd4 4. Nxd4 Nf6 5. Nc3 g6 6. Bc4 Bg7 7. h3 O-O 8. Be3
b6 9. Qd2 Bb7 10. Bd5 Qc8 11. Bh6 Nc6 12. Bxg7 Kxg7 13. Nxc6 Bxc6 14. O-O e6
15. Bxc6 Qxc6 16. Rfe1 Rfd8 17. Rad1 Rac8 18. Qe3 Qc5 19. Rd4 b5 20. a3 a5 21.
a4 bxa4 22. Rxa4 Qxe3 23. Rxe3 Rc5 24. Rd4 Rb8 25. Rxd6 Rxb2 26. e5 Nd5 27.
Nxd5 Rxd5 28. Rxd5 1/2-1/2

[Event "BL 9192 Bamberg-Empor Berlin"]
[Site "?"]
[Date "1992.??.??"]
[Round "?.1"]
[White "Chekhov, V."]
[Black "Unzicker, W."]
[Result "1/2-1/2"]
[WhiteElo "2550"]
[BlackElo "2450"]
[PlyCount "42"]
[EventDate "1992.??.??"]

1. d4 Nf6 2. c4 e6 3. Nc3 Bb4 4. Qc2 c5 5. dxc5 O-O 6. a3 Bxc5 7. Nf3 Nc6 8.
Bf4 Be7 9. Rd1 Qa5 10. e4 Rd8 11. Be2 d5 12. exd5 exd5 13. O-O dxc4 14. Bxc4
Qf5 15. Rxd8+ Bxd8 16. Qd2 Be6 17. Bd3 Qa5 18. Qc2 h6 19. Nb5 Nd5 20. Bd6 Be7
21. Bxe7 Ndxe7 1/2-1/2

[Event "BL 9192 Bamberg-Empor Berlin"]
[Site "?"]
[Date "1992.??.??"]
[Round "?.2"]
[White "Pfleger, He"]
[Black "Dautov, R."]
[Result "1/2-1/2"]
[WhiteElo "2495"]
[BlackElo "2610"]
[PlyCount "38"]
[EventDate "1992.??.??"]

1. Nf3 Nf6 2. c4 e6 3. g3 a6 4. Bg2 b5 5. d3 Bb7 6. O-O bxc4 7. dxc4 Be7 8. Nc3
O-O 9. b3 d6 10. Bb2 c5 11. Qc2 Nbd7 12. Rad1 Qc7 13. e4 Ng4 14. Ne1 Nge5 15.
Qd2 Nc6 16. Nc2 Rad8 17. h3 Bf6 18. Qxd6 Qxd6 19. Rxd6 Nd4 1/2-1/2

[Event "BL 9192 Bamberg-Empor Berlin"]
[Site "?"]
[Date "1992.??.??"]
[Round "?.4"]
[White "Bezold, M."]
[Black "Volke, K."]
[Result "1/2-1/2"]
[WhiteElo "2345"]
[BlackElo "2440"]
[PlyCount "29"]
[EventDate "1992.??.??"]

1. Nf3 Nf6 2. g3 g6 3. Bg2 Bg7 4. O-O O-O 5. c4 d6 6. Nc3 e5 7. b4 e4 8. Ng5
Re8 9. Rb1 Bf5 10. d3 exd3 11. exd3 Nc6 12. Nge4 Nxe4 13. Nxe4 Qd7 14. Bg5 Bh3
15. Re1 1/2-1/2

[Event "BL 9192 Bamberg-Empor Berlin"]
[Site "?"]
[Date "1992.??.??"]
[Round "?.5"]
[White "Poldauf, D."]
[Black "Goetz, R."]
[Result "1-0"]
[WhiteElo "2360"]
[BlackElo "2355"]
[PlyCount "83"]
[EventDate "1992.??.??"]

1. c4 c5 2. g3 Nf6 3. Bg2 d5 4. cxd5 Nxd5 5. Nc3 Nc7 6. Qb3 Nc6 7. Bxc6+ bxc6
8. Qa4 Bd7 9. Nf3 f6 10. d3 e5 11. Be3 Ne6 12. Rc1 Qb6 13. b3 Nd4 14. Nd2 Be7
15. Nc4 Qb8 16. Na5 f5 17. f3 O-O 18. Qc4+ Kh8 19. Bd2 Be6 20. Qa6 Bc8 21. Qc4
Be6 22. Qa4 Qe8 23. Nc4 Qb8 24. Qa6 Bd5 25. Na5 Bd6 26. Nb7 e4 27. Nxd5 Bxg3+
28. hxg3 Qxg3+ 29. Kd1 Qg2 30. Re1 cxd5 31. dxe4 fxe4 32. Be3 Rf6 33. Nd6 exf3
34. Bxd4 cxd4 35. Rc8+ Rf8 36. Rxa8 Rxa8 37. exf3 Qxf3+ 38. Qe2 Qf8 39. Qe6 h6
40. Nf7+ Kh7 41. Ng5+ Kh8 42. Qg6 1-0

[Event "BL 9192 Bamberg-Empor Berlin"]
[Site "?"]
[Date "1992.??.??"]
[Round "?.6"]
[White "Stickler, A."]
[Black "Stern, R."]
[Result "1-0"]
[WhiteElo "2255"]
[BlackElo "2395"]
[PlyCount "63"]
[EventDate "1992.??.??"]

1. d4 d5 2. c4 Nc6 3. Nf3 Bg4 4. Nc3 Nf6 5. cxd5 Nxd5 6. e4 Nxc3 7. bxc3 e5 8.
d5 Nb8 9. Qa4+ Nd7 10. Nxe5 Qf6 11. Be2 c6 12. dxc6 Qxe5 13. cxd7+ Bxd7 14. Qd4
Qc7 15. O-O Bd6 16. g3 Be5 17. Qe3 Qxc3 18. Rb1 b6 19. Qxc3 Bxc3 20. Rd1 Rd8
21. Ba3 Bf6 22. Rbc1 Ba4 23. Rxd8+ Bxd8 24. Rc8 h5 25. Ra8 a5 26. Ra7 Rh6 27.
Bc4 Rf6 28. Bb2 b5 29. Bxf6 Bxf6 30. Rxa5 bxc4 31. Rxa4 c3 32. Rc4 1-0